Informe sobre la situación de los derechos humanos en Guatemala Enero 1991

El documento consiste en un informe acerca de la situación de los derechos humanos en Guatemala, como lo son derechos de primera generación civiles y políticos, derechos de segunda generación económicos, sociales y políticos y las violaciones del derecho humanitario.

Uloženo v:
Podrobná bibliografie
Korporativní autor: Comisión de Derechos Humanos de Guatemala
Médium: Text
Jazyk:Spanish
Vydáno: México: CDHG 1991
Témata:
Tagy: Přidat tag
Žádné tagy, Buďte první, kdo vytvoří štítek k tomuto záznamu!

MARC

LEADER 00000 a a2200000 04500
001 20924
003 cru CIDCACS/IIS
005 20230619102531.0
008 210908b1991 Mx ||||| |||| 00| 0 spa d
040 |c CRAIS/IIS 
090 |a 04.02.01 C733i 1991 
110 |a Comisión de Derechos Humanos de Guatemala  
245 |a Informe sobre la situación de los derechos humanos en Guatemala   |b Enero 1991  |c Comisión de Derechos Humanos de Guatemala (CDHG) 
260 |a México:   |b CDHG   |c 1991 
300 |a 67 páginas 
500 |a El documento tiene una versión en inglés, con el código # 23096. 
520 |a El documento consiste en un informe acerca de la situación de los derechos humanos en Guatemala, como lo son derechos de primera generación civiles y políticos, derechos de segunda generación económicos, sociales y políticos y las violaciones del derecho humanitario. 
650 0 |9 10297  |a DERECHOS HUMANOS COLECTIVOS  
650 0 |9 7386  |a VIOLACION A LOS DERECHOS HUMANOS  
650 0 |9 1527  |a TORTURA 
650 0 |9 2860  |a REFUGIADOS 
650 0 |9 7019  |a HOMICIDIO 
650 0 |9 844  |a DESAPARECIDOS 
942 |2 ddc  |c LI  |i 04.02.01 C733i 1991  |h 23095  |6 23095_040201_C733I_1991 
999 |c 44281  |d 44281